Statistiques concernant RL Top 20 Player 2022

Cliquez ici pour prendre le quiz!

Statistiques générales

  • Ce quiz a été pris 13 fois
  • Le résultat moyen est 9 sur 20

Statistiques - réponses

Top #CountryPlayer% Correct
1Francevatira
90%
16Moroccoitachi
80%
4FranceM0nkey M00n
80%
3Englandrise.
80%
7FranceSeikoo
70%
5USAAtomic
50%
20BelgiumAztraL
50%
2USAFirstkiller
50%
14EnglandApparentlyJack
40%
13USAChicago
40%
12FranceExtra
40%
11CanadaJKnaps
40%
9EnglandJoyo
40%
18Englandnoly
40%
6USABeastMode
30%
15Saudi Arabiatrk511
30%
10USADaniel
10%
8Brazilyanxnz
10%
19USAcomm
0%
17USASypical
0%

Distribution des résultats

Percentile par nombre de réponses

% des personnes avec chaque résultat

Votre développement - résultats

Vous n’avez pas pris ce quiz